10 Biggest Cities in Order: World - Statistics

General Stats
  • This quiz has been taken 55 times
    41 since last reset
  • The average score is 7 of 10
Answer Stats
# Answer % Correct
2 Tokyo
97%
3 Shanghai
93%
1 Guangzhou
90%
5 Delhi
83%
4 Jakarta
72%
6 Seoul
59%
9 Mumbai
55%
7 Karachi
52%
8 Manila
52%
10 Mexico City
48%
No matching quizzes found
Score Distribution
Percent of People with Each Score
Percentile by Number Answered
Your Score History
You have not taken this quiz since the last reset